000 00384nam a2200145Ia 4500
008 230917s9999||||xx |||||||||||||| ||und||
040 _e125978
_aMAIN
041 _aEnglish
082 _a006.7 J35M
100 _aJeffcoate, Judith
245 0 _aMultimedia in pracice: technology and application
260 _aNew Delhi
_bPearson Education
_c2008
300 _a238p p.
942 _cBK
999 _c141869
_d141869